Mathematics Dictionary: (Record no. 207804)

MARC details
000 -LEADER
fixed length control field 00633 a2200205 4500
005 - DATE AND TIME OF LATEST TRANSACTION
control field 20241218141921.0
010 ## - LCCN (DPL NO)
LC control number ENG-143076
020 ## - INTERNATIONAL STANDARD BOOK NUMBER
Terms of availability 300.00
035 ## - SYSTEM CONTROL NUMBER
System control number EN-126608
037 ## - SOURCE OF ACQUISITION
Source of stock number/acquisition DBAD
082 ## - DEWEY DECIMAL CLASSIFICATION NUMBER
Classification number 808.88
100 ## - MAIN ENTRY--PERSONAL NAME
Personal name Navaratna Book House
245 ## - TITLE STATEMENT
Title Mathematics Dictionary:
Remainder of title English-English/
Statement of responsibility, etc by Navaratna Book House
260 ## - PUBLICATION, DISTRIBUTION, ETC. (IMPRINT)
Place of publication, distribution, etc Vijayawada
Name of publisher, distributor, etc Navaratna Book House
Date of publication, distribution, etc 2023
270 ## - ADDRESS
Address # 28-22-20, Rahiman Street, Arundel Pet,
City Vijayawada
Postal code 520002
300 ## - PHYSICAL DESCRIPTION
Extent 232p.
Dimensions 22cm.(pbk)
500 ## - GENERAL NOTE
General note For High Scholl & College Students
700 ## - ADDED ENTRY--PERSONAL NAME
9 (RLIN) 9757
942 ## - ADDED ENTRY ELEMENTS (KOHA)
Institution code [OBSOLETE] dpl
Item type English Books
Source of classification or shelving scheme Dewey Decimal Classification
Call number suffix MAT
Classification part 510.3
Holdings
Withdrawn status Lost status Not for loan Collection code Home library Current library Date acquired Source of acquisition Cost, normal purchase price Full call number Barcode Copy number Cost, replacement price Koha item type
      Non-fiction Central Library Central Library 18/12/2024 Delivery of Books Division 300.00 MAT 510.3 EN-126608 1 300.00 English Books

© Delhi Public Library
Hit Counter
free hit counter